000 00393nam a2200157Ia 4500
008 220530s9999 xx 000 0 und d
020 _a978-93-80836-42-3
041 _aeng
082 _a820
_bSHA
100 _aSharma, Malti
_956994
245 _aAmbedkar and Indian Constitution
250 _a1st
260 _aNew Delhi
_bCentrum Press
_c2011
300 _aVII;296P
_bPB
906 _a135
_bGB
999 _c51616
_d51616